00315nam a2200133Ia 4500003000400000005001700004008004100021020001500062040002700077100001900104100000900123245004100132260000800173OSt20240112144808.0170524s9999 xx 000 0 und d a0071333703 ciimt university meerut aCROUCHER JOHNS c2011 0aSTATISTICS: MAKING BUSINESS DECISION aTMH